Łódź: przystanki na linii 1 - Statystyki

Ogólne statystyki
  • Ten quiz został rozwiązany 15 razy
  • Średni wynik to 14 z 17
Statystyki odpowiedzi
Ulica Przystanek % Poprawnych
Doły
100%
Wojska Polskiego - / Franciszkańska - Franciszkańska/Wojska Polskiego
100%
Kilińskiego - Tymienieckiego
100%
Kilińskiego - Nawrot
89%
Wojska Polskiego - Palki
89%
Kilińskiego - Piłsudskiego
89%
Franciszkańska - / Kilińskiego - Północna
89%
Kilińskiego - Pomorska
89%
Kilińskiego - Rewolucji 1905r.
89%
Wojska Polskiego - Sporna
89%
Wojska Polskiego - Głowackiego
78%
Kilińskiego - Jaracza
78%
Kilińskiego - przystanek mBank
78%
Kilińskiego - Tuwima
78%
Wojska Polskiego - Marynarska
67%
Kilińskiego - Narutowicza
67%
Kilińskiego - Fabryczna
56%
Nie znaleziono quizów pasujących do podanych kryteriów
Rozkład punktacji
Procent ludzi z każdym wynikiem
Percentyl według liczby udzielonych odpowiedzi
Twoja historia wyników
Nie rozwiązałeś tego quizu